| 000 | 00595nam a2200193 a 4500 | ||
|---|---|---|---|
| 005 | 20240924070524.0 | ||
| 008 | 040302s2000 mx r 000 0 spa d | ||
| 020 | _a9870000487 | ||
| 035 | _aUPN01000132342 | ||
| 049 | _aCG | ||
| 050 | 4 |
_aHD6961 _bR4.3 |
|
| 100 | 1 | _aRehfeldt, Udo | |
| 245 | 1 | 0 |
_aGlobalización, neocorporatismo y pactos sociales : _bteoría y práctica de las relaciones de trabajo / _cUdo Rehfeldt. |
| 260 |
_aBuenos Aires : _bLumen-Hvmanitas, _c2000. |
||
| 300 | _a253 p. | ||
| 650 | 4 |
_aRELACIONES INDUSTRIALES _921092 |
|
| 650 | 4 |
_aGlobalización _95377 |
|
| 905 | _aLibro | ||
| 999 |
_c104497 _d104497 |
||